| 000 | 00829nam a22001937a 4500 | ||
|---|---|---|---|
| 005 | 20210325174616.0 | ||
| 008 | s2519 th tha d | ||
| 041 | _atha | ||
| 050 | _aTR654 ภ7 | ||
| 100 | 0 | _aภูมิพลอดุลยเดช, พระบาทสมเด็จพระ | |
| 245 | 1 | 0 | _aสมุดภาพฝึกพระหัตถ์ภาพเขียน-ภาพถ่าย [2nd] |
| 260 | 3 |
_aกรุงเทพฯ : _bสโมสรไลออนส์ดุสิต, _c2519 |
|
| 300 |
_a70 หน้า ; _b ภาพประกอบ |
||
| 650 | 0 | 4 | _aภูมิพลอดุลยเดช, พระบาทสมเด็จพระ -- ภาพฝึกพระหัตถ์ |
| 850 | _aNALT | ||
| 942 | _cGB | ||
| 997 | _c000000000004493 | ||
| 998 | _aSOPAPORN | ||
| 999 |
_c4493 _d4493 |
||